| 000 | 00539nam a22001817a 4500 | ||
|---|---|---|---|
| 005 | 20240503141433.0 | ||
| 008 | 240503b |||||||| |||| 00| 0 eng d | ||
| 020 | _a9781861005205 | ||
| 082 |
_a006.74 _bAKI-J |
||
| 100 | _aMohammad Akif | ||
| 245 |
_aJava XML programmer's reference / _cSteven Broadhead,Andrei Cioroianu |
||
| 260 |
_aindia: _bWrox, _c2016. |
||
| 300 |
_axxiii, 831 p. : _bill; _c24 cm. |
||
| 500 | _ainclude index. | ||
| 650 | _acomputer science/ Java programming Language | ||
| 700 | _aSteven Broadhead, | ||
| 999 |
_c35677 _d35677 |
||